Macroeconomics (Record no. 8817)

MARC details
000 -LEADER
fixed length control field 00569cam a2200217ua 4500
008 - FIXED-LENGTH DATA ELEMENTS--GENERAL INFORMATION
fixed length control field 160903n ii |||gr||||Z||||||eng
020 ## - INTERNATIONAL STANDARD BOOK NUMBER
International Standard Book Number 9789339221188
040 ## - CATALOGING SOURCE
Transcribing agency MAIN
041 ## - LANGUAGE CODE
-- eng
082 ## - DEWEY DECIMAL CLASSIFICATION NUMBER
Classification number 339
100 ## - MAIN ENTRY--PERSONAL NAME
Personal name Dornbusch, Rudiger,
Relator term
245 ## - TITLE STATEMENT
Title Macroeconomics
Statement of responsibility, etc. By Rudiger Dornbusch and others
250 ## - EDITION STATEMENT
Edition statement 11th ed.
260 ## - PUBLICATION, DISTRIBUTION, ETC.
Place of publication, distribution, etc. New Delhi:
Name of publisher, distributor, etc. McGraw Hill,
Date of publication, distribution, etc. 2015.
300 ## - PHYSICAL DESCRIPTION
Extent 639p.
700 ## - ADDED ENTRY--PERSONAL NAME
Personal name Fischer, Stanley,
Relator term
700 ## - ADDED ENTRY--PERSONAL NAME
Personal name Startz, Richard,
Relator term
942 ## - ADDED ENTRY ELEMENTS (KOHA)
Koha item type Books
653 ## - INDEX TERM--UNCONTROLLED
Uncontrolled term Macroeconomics & related topics
Holdings
Withdrawn status Lost status Damaged status Not for loan Home library Current library Shelving location Date acquired Total Checkouts Full call number Barcode Date last seen Date last checked out Copy number Price effective from Koha item type
        Central Library, Naharkatiya College Central Library, Naharkatiya College General Stacks 19/09/2020 2 339Macroeconomics | DOR 23297 19/03/2024 07/03/2024 1 19/09/2020 Books

Naharkatiya College © 2020. All rights reserved.

Powered By